000 00748nam a2200217Ia 4500
001 15342
003 GE_BSU
008 181216s||||||||xx |||||||||||||| ||und||
040 _cGE_BSU
100 _aყაზბეგი, ალექსანდრე
245 _aხევისბერი გოჩა
245 _bმოთხრობა
245 _cრედ.ე.გოგოლაშვილი. მხატვ.ვ.ტოროტაძე და გ. გულისაშვილი
260 _aთბილისი
260 _bსაბლიტგამი
260 _c1952
300 _a79გვ.ილ.
653 _aმოთხრობა
653 _aხევისბერი გოჩა
942 _cBK
999 _c48450
_d48450